| 000 | 00717nam a22002057a 4500 | ||
|---|---|---|---|
| 999 |
_c18029 _d18029 |
||
| 003 | AR-CdUCM | ||
| 008 | 190511b ||||| |||| 00| 0 spa d | ||
| 040 |
_aMUNICIPALIDAD PROVINCIAL DEL CUSCO _cBIBLIOTECA MUNICIPAL DEL CUSCO |
||
| 082 |
_a621.94 / _bD71 |
||
| 100 |
_aDinaro, Salvador _938363 |
||
| 245 | _aManual del tornero mecánico / | ||
| 260 |
_aBarcelona : _bGustavo Gili, _c1961. |
||
| 300 |
_a263 páginas ; _c19 cm. |
||
| 505 | _aContenido : Divisibilidad de los números -- Condiciones de divisibilidad -- Tabla de los 535 primeros números primos ... | ||
| 650 |
_aMatemática _919387 |
||
| 650 |
_aTornero _938364 |
||
| 650 |
_aMecánica _918682 |
||
| 942 |
_2ddc _cLIBROS |
||
| 945 |
_arah _d11/05/2019 |
||